000 00824nam a22001577a 4500
003 OSt
005 20160518105703.0
008 160518b xxu||||| |||| 00| 0 eng d
040 _cRUA
082 _aAGR KOH 2009 B470 Or.1
100 _98382
_aKOH VICHEY; កោះ វិជ័យ
245 _aStudy on technique of ecological system of rice intensification at thlok vean commune, kompong chhnang province; សិក្សាលើបច្ចេកទេសនៃប្រព័ន្ធប្រពលវប្បកម្មដំណាំស្រូវតាមគោលការណ៏ធម្មជាតិ របស់កសិករ នៅឃុំធ្លកវៀន​ ខេត្តកំពង់ឆ្នាំង
260 _aPhnom Penh
_bRUA
_c2009
300 _axi;60p.
_bill.
_c29cm.
942 _2ddc
_cAGR
999 _c8029
_d8029